000 00279nam a22001337a 4500
008 171031b xxu||||| |||| 00| 0 eng d
020 _a0818160403
041 _aeng
080 _a33
100 _a59
101 _aBUS
245 _aINSIDE IRS
_cSCHNEPPER,J.A
942 _2udc
_cBK
999 _c36913
_d36913